| 000 | 00531nam a22001577a 4500 | ||
|---|---|---|---|
| 999 |
_c533976 _d533976 |
||
| 020 | _qHard Cover. | ||
| 082 | _a660.01 | ||
| 100 | _aNoor, Norina | ||
| 245 |
_aExpression Profiling of Flavonoid Biosynthetic Genes in Arachis hypogaea Under Drought Stress / _cNorina Noor. |
||
| 260 |
_aIslamabad : _bASAB - NUST, _c2017. |
||
| 300 |
_aix, 47 p. : ill. ; _c30cm. |
||
| 942 |
_2ddc _cTHE |
||
| 650 |
_aPlant Biotechnology MS-Thesis _928032 |
||
| 700 |
_aDr. Rabia Amir. _927764 |
||